书目信息 |
| 题名: |
话说基因
|
|
| 作者: | 程书钧 , 潘锋 , 徐宁志 编著 | |
| 分册: | ||
| 出版信息: | 北京 清华大学出版社 2005 |
|
| 页数: | 20,390页 | |
| 开本: | 21cm | |
| 丛书名: | 院士科普书系 | |
| 单 册: | ||
| 中图分类: | Q343.1 | |
| 科图分类: | ||
| 主题词: | 基因--普及读物 | |
| 电子资源: | ||
| ISBN: | 7-302-10731-9 | |
| 000 | 00990oam2 2200301 450 | |
| 001 | 1558291562 | |
| 005 | 20150118161225.29 | |
| 010 | @a7-302-10731-9@dCNY22.00 | |
| 100 | @a20050627d2005 em y0chiy50 ea | |
| 101 | 0 | @achi |
| 102 | @aCN@b110000 | |
| 105 | @ay z 000yy | |
| 200 | 1 | @a话说基因@9hua shuo ji yin@f程书钧,潘锋,徐宁志编著 |
| 210 | @a北京@c清华大学出版社@d2005 | |
| 215 | @a20,390页@d21cm | |
| 225 | 2 | @a院士科普书系 |
| 300 | @a国家重点图书 | |
| 306 | @a与暨南大学出版社合作出版 | |
| 308 | @a丛书第四辑 06 | |
| 330 | @a本书讲述了基因的基本概念,并对百年来有关基因研究的一系列重要事件和重大进展,特别是近年来我国科学家所取得的高水平的研究成果作了通俗的介绍。 | |
| 461 | 0 | @12001 @a院士科普书系 |
| 606 | 0 | @a基因@j普及读物 |
| 690 | @aQ343.1@v5 | |
| 701 | 0 | @a程书钧@9cheng shu jun@f(1939~)@4编著 |
| 701 | 0 | @a潘锋@9pan feng@f(1964.6~)@4编著 |
| 701 | 0 | @a徐宁志@9xu ning zhi@f(1954~)@4编著 |
| 801 | 0 | @aCN@bTSSF@c20150118 |
| 905 | @aZUCC@dQ343.1@eJY31 | |
| 话说基因/程书钧,潘锋,徐宁志编著.-北京:清华大学出版社,2005 |
| 20,390页;21cm.-(院士科普书系) |
| 国家重点图书 |
| ISBN 7-302-10731-9:CNY22.00 |
| 本书讲述了基因的基本概念,并对百年来有关基因研究的一系列重要事件和重大进展,特别是近年来我国科学家所取得的高水平的研究成果作了通俗的介绍。 |
| ● |
| 相关链接 |
|
|
|
|
正题名:话说基因
索取号:Q343.1/JY31
 
预约/预借
| 序号 | 登录号 | 条形码 | 馆藏地/架位号 | 状态 | 备注 |
| 1 | 7848984 | 278489841 | 学院路分馆/ [索取号:Q343.1/JY31] | 在馆 | |
| 2 | 7848985 | 278489850 | 学院路分馆/ [索取号:Q343.1/JY31] | 在馆 |